Statistics for 東京工業大学の出身高校ランキング

Click here to take the quiz!

General Stats

  • This quiz has been taken 58 times
  • The average score is 13 of 26

Answer Stats

順位都道府県区分合格者数正解% Correct
神奈川公立25横浜翠嵐
88%
千葉公立14千葉
84%
18東京公立10西
84%
11千葉私立11渋谷幕張
80%
千葉公立16船橋
78%
千葉私立17市川
67%
東京私立18麻布
65%
25神奈川私立浅野
65%
東京公立16国立
63%
11神奈川公立11湘南
61%
11埼玉公立11大宮
61%
神奈川私立14栄光学園
59%
11東京私立11武蔵
51%
25東京公立戸山
51%
東京私立12海城
47%
18千葉公立10東葛飾
39%
18東京私立10早稲田
39%
東京私立12
37%
18東京私立10攻玉社
37%
18東京国立10東京学芸大学附属
37%
11神奈川公立11厚木
31%
18神奈川公立10横浜サイエンスフロンティア
29%
11東京私立11豊島岡
20%
11千葉私立11東邦大東邦
20%
福井国立13福井工業高専
6%
18東京私立10東京都市大学付属
2%

Score Distribution

Percentile by Number Answered

Percent of People with Each Score

Your Score History

You have not taken this quiz